000 00614nam a2200241Ia 4500
003 OSt
005 20221007080534.0
006 a|||||r|||| 00| 0
007 ta
008 221006b |||||||| |||| 00| 0 eng d
024 _a6,682
037 _cTextual
040 _aFLL
_cFLL
_beng
041 _2eng
_aeng
082 _aZ(Q7), L7
100 _aMahmood Tahir Au.
245 0 _aMuslim personal law
260 _aNew Delhi
_bVikas pub. ltd. India
_c1977
300 _axii,213p
_ccm.
650 _aMuslim law
942 _hZ(Q7), L7
_cTEXL
_2CC
999 _c1160029
_d1160029